[Event "ROM-ch"]
[Site "Eforie Nord"]
[Date "2024.02.28"]
[Round "6"]
[White "Pisu, Robert Daniel"]
[Black "Melinte, Rares Andrei"]
[Result "0-1"]
[WhiteElo "2154"]
[BlackElo "1989"]
[PlyCount "82"]
[EventDate "2024.02.24"]
[EventType "swiss"]
[EventRounds "9"]
[EventCountry "ROU"]
[SourceTitle "CB10_2024"]
[SourceDate "2024.03.06"]
[SourceVersion "1"]
[SourceVersionDate "2024.03.06"]
[SourceQuality "1"]

1. d4 Nf6 2. c4 g6 3. Nc3 Bg7 4. e4 d6 5. Be2 0-0 6. Be3 Na6 7. g4 e5 8. d5 Nc5 9. Bf3 c6 10. g5 Ne8 11. h4 cxd5 12. cxd5 a5 13. h5 b5 14. a3 a4 15. Nge2 Nb3 16. Rb1 f5 17. h6 Bh8 18. Nxb5 Ba6 19. Nbc3 f4 20. Bd2 Bd3 21. Nxa4 Nxd2 22. Kxd2 Bxb1 23. Nac3 Qxg5 24. Qxb1 Nc7 25. a4 Rfb8 26. b4 Na6 27. b5 Nc5 28. Qb4 Bf6 29. Nc1 Bd8 30. Nb3 Nxb3+ 31. Qxb3 Ba5 32. Kd3 Bxc3 33. Kxc3 Qd8 34. Qb4 Qc7+ 35. Kb2 Rc8 36. Qb3 Qc5 37. Bg4 Qd4+ 38. Kb1 Rc3 39. Be6+ Kf8 40. Rh3 Rxb3+ 41. Rxb3 Rxa4 0-1

[Event "EU-chT U18"]
[Site "Iasi"]
[Date "2023.07.24"]
[Round "1.4"]
[White "Melinte, Rares Andrei"]
[Black "Gombocz, Ferenc Jr"]
[Result "0-1"]
[WhiteElo "1999"]
[BlackElo "2324"]
[PlyCount "70"]
[EventDate "2023.07.24"]
[EventType "team-swiss"]
[EventRounds "7"]
[EventCountry "ROU"]
[SourceTitle "CBM 215 Extra"]
[Source "ChessBase"]
[SourceDate "2023.09.30"]
[SourceVersion "1"]
[SourceVersionDate "2023.09.30"]
[SourceQuality "1"]
[WhiteTeam "Romania Iasi U18"]
[BlackTeam "Hungary U18"]
[WhiteTeamCountry "ROU"]
[BlackTeamCountry "HUN"]

1. d4 d5 2. c4 c6 3. Nf3 Nf6 4. g3 Bg4 5. Ne5 Bf5 6. Qb3 Qb6 7. cxd5 Qxb3 8. axb3 Nxd5 9. Bd2 Bxb1 10. Rxb1 e6 11. e3 f6 12. Nc4 b5 13. Na5 Kd7 14. Rc1 Nb4 15. Nb7 N8a6 16. Be2 Kc7 17. Nc5 Bxc5 18. dxc5 Rhd8 19. Bc3 Kb7 20. 0-0 Na2 21. Rc2 N6b4 22. Bxb4 Nxb4 23. Rc3 Rd2 24. Bg4 f5 25. Bf3 Na2 26. e4 Nxc3 27. bxc3 fxe4 28. Bxe4 Rad8 29. Bxh7 Rd1 30. Kg2 a5 31. Rxd1 Rxd1 32. Bg8 a4 33. bxa4 bxa4 34. Bxe6 Rd5 35. c4 Rxc5 0-1

[Event "Targu Mures op 3rd"]
[Site "Targu Mures"]
[Date "2022.06.06"]
[Round "3"]
[White "Salagean, Viorel"]
[Black "Melinte, Rares Andrei"]
[Result "0-1"]
[WhiteElo "1381"]
[BlackElo "1853"]
[PlyCount "126"]
[EventDate "2022.06.05"]
[EventType "swiss"]
[EventRounds "9"]
[EventCountry "ROU"]
[SourceTitle "EXT 2024"]
[Source "ChessBase"]
[SourceDate "2023.10.10"]
[SourceVersion "1"]
[SourceVersionDate "2023.10.10"]
[SourceQuality "1"]

1. e4 c5 2. Nf3 e6 3. d4 cxd4 4. Nxd4 a6 5. Be2 b5 6. 0-0 Bb7 7. f3 Nf6 8. Be3 Be7 9. Nd2 0-0 10. N2b3 d6 11. c3 Nbd7 12. a4 bxa4 13. Rxa4 Nb6 14. Ra2 d5 15. Na5 Qc7 16. Nxb7 Qxb7 17. e5 Nfd7 18. f4 Nc5 19. Nb3 Nba4 20. Na5 Qd7 21. Bd4 Nb6 22. Qc2 Qc7 23. b4 Ne4 24. Bd3 f5 25. exf6 Nxf6 26. Bxf6 Rxf6 27. Bxh7+ Kh8 28. g3 Rc8 29. Bd3 Qa7 30. Qe2 Na4+ 31. Qf2 Qxf2+ 32. Rfxf2 Nxc3 33. Rac2 Bxb4 34. Nb3 a5 35. Kf1 a4 36. Nc1 Rb8 37. Na2 Nxa2 38. Rxa2 a3 39. g4 Bc5 40. Rf3 e5 41. f5 e4 42. Rh3+ Kg8 43. Bc2 Rfb6 44. Rc3 Bd6 45. Ke2 Rb2 46. Ra1 a2 47. Ke3 Be5 48. Rc6 R2b3+ 49. Bxb3 Rxb3+ 50. Kd2 Bxa1 51. Rc8+ Kf7 52. Ra8 Rb2+ 53. Ke3 Rxh2 54. Ra7+ Kg8 55. Ra8+ Kh7 56. g5 Be5 57. f6 gxf6 58. g6+ Kxg6 59. Rg8+ Kf7 60. Rg7+ Ke6 61. Re7+ Kd6 62. Re6+ Kc7 63. Re7+ Kc6 0-1

[Event "ROM-ch U12"]
[Site "Baile Felix"]
[Date "2017.02.04"]
[Round "3"]
[White "Melinte, Rares Andrei"]
[Black "Danila, Stefan"]
[Result "1/2-1/2"]
[WhiteElo "1513"]
[BlackElo "1368"]
[PlyCount "58"]
[EventDate "2017.02.02"]
[EventType "swiss"]
[EventRounds "9"]
[EventCountry "ROU"]
[SourceTitle "CBM 176 Extra"]
[Source "ChessBase"]
[SourceDate "2017.03.02"]
[SourceVersion "1"]
[SourceVersionDate "2017.03.02"]
[SourceQuality "1"]

1. d4 Nf6 2. c4 g6 3. Nc3 d5 4. Nf3 Bg7 5. Qb3 dxc4 6. Qxc4 0-0 7. e4 Nc6 8. Be2 Bg4 9. e5 Nd7 10. Be3 Nb6 11. Qc5 e6 12. 0-0 Re8 13. Rad1 a6 14. Qa3 Nd5 15. Nxd5 Qxd5 16. h3 Bf8 17. Qa4 b5 18. Qc2 Bf5 19. Qc1 Na5 20. b3 Qb7 21. Bh6 Bg7 22. Qf4 Qe4 23. Qxe4 Bxe4 24. Be3 Rac8 25. Rc1 Red8 26. Rfd1 Rd7 27. Ng5 Bb7 28. Bf3 Bxf3 29. Nxf3 Rcd8 1/2-1/2

[Event "ROM-ch U08"]
[Site "Calimanesti"]
[Date "2014.04.13"]
[Round "9"]
[White "Perescu, Neo"]
[Black "Melinte, Rares Andrei"]
[Result "1-0"]
[WhiteElo "1145"]
[BlackElo "1033"]
[PlyCount "55"]
[EventDate "2014.04.06"]
[EventType "swiss"]
[EventRounds "9"]
[EventCountry "ROU"]
[SourceTitle "CBM 160 Extra"]
[Source "ChessBase"]
[SourceDate "2014.07.01"]
[SourceVersion "1"]
[SourceVersionDate "2014.07.01"]
[SourceQuality "1"]

1. e4 c5 2. Nf3 e6 3. Nc3 Nc6 4. Bb5 d6 5. d3 g6 6. Bg5 Nge7 7. 0-0 Bg7 8. d4 cxd4 9. Nxd4 Qc7 10. Bxe7 Qxe7 11. Nxc6 Qc7 12. Ne5+ Kf8 13. Nc4 a6 14. Ba4 b5 15. Nxd6 bxa4 16. Re1 Be5 17. Nxc8 Rxc8 18. Nxa4 Bxh2+ 19. Kh1 Be5 20. c3 Kg7 21. Qg4 h5 22. Qf3 Rb8 23. Red1 a5 24. Qe3 Bf6 25. Nc5 Qb6 26. Rd7 Rhf8 27. Rad1 Rbd8 28. R1d6 1-0

[Event "ROM-ch U08"]
[Site "Calimanesti"]
[Date "2014.04.10"]
[Round "6"]
[White "Melinte, Rares Andrei"]
[Black "Craciun, Cristian Gabriel111"]
[Result "1/2-1/2"]
[WhiteElo "1033"]
[BlackElo "1223"]
[PlyCount "81"]
[EventDate "2014.04.06"]
[EventType "swiss"]
[EventRounds "9"]
[EventCountry "ROU"]
[SourceTitle "CBM 160 Extra"]
[Source "ChessBase"]
[SourceDate "2014.07.01"]
[SourceVersion "1"]
[SourceVersionDate "2014.07.01"]
[SourceQuality "1"]

1. d4 d5 2. c4 e5 3. dxe5 d4 4. Nf3 Nc6 5. g3 Nge7 6. Bg2 Ng6 7. 0-0 Ngxe5 8. Nxe5 Nxe5 9. Qb3 Rb8 10. Rd1 Be6 11. Qb5+ Nd7 12. Rxd4 c6 13. Qb3 Bc5 14. Rh4 Nf6 15. Bf4 Bd6 16. Nc3 Bxf4 17. Rxf4 0-0 18. Rd1 Qe7 19. Qc2 Rbd8 20. Rxd8 Rxd8 21. b3 Qd7 22. Rf3 Qd2 23. Rd3 Rxd3 24. Qxd3 Qxd3 25. exd3 Kf8 26. Kf1 Ke7 27. Ke2 Kd6 28. Ne4+ Ke5 29. Nxf6 Kxf6 30. Be4 h6 31. Ke3 Ke5 32. d4+ Kd6 33. c5+ Ke7 34. h4 f5 35. Bd3 g6 36. f4 h5 37. Kd2 Kd7 38. Kc3 Kc7 39. Bc4 Bd5 40. a3 Bxc4 41. Kxc4 1/2-1/2